| 000 | 01756cam a22003858i 4500 | ||
|---|---|---|---|
| 001 | 19780916 | ||
| 003 | EG-ScBUE | ||
| 005 | 20220221102249.0 | ||
| 008 | 170705s2018 paua f bf 001 0 eng d | ||
| 020 | _a9781496321299 (pbk.) | ||
| 020 | _a1496321294 (pbk.) | ||
| 035 | _a(DNLM)101708830 | ||
| 040 |
_aDNLM/DLC _beng _erda _cDLC _dEG-ScBUE |
||
| 082 | 0 | 4 |
_a615.1 _222 _bELD |
| 100 | 1 |
_aElder, Deborah Lester, _eauthor. _936232 |
|
| 245 | 1 | 2 |
_aA practical guide to contemporary pharmacy practice and compounding / _cDeborah Lester Elder, PharmD, RPh, BPharm, BS, Clinical Associate Professor, College of Pharmacy, University of Georgia, Athens, Georgia. |
| 250 | _aFourth edition. | ||
| 264 | 1 |
_aPhiladelphia : _bWolters Kluwer, _c[2018] |
|
| 264 | 4 | _cc2018 | |
| 300 |
_axii, 739 pages : _billustrations (some color) ; _c28 cm |
||
| 336 |
_atext _2rdacontent _btxt |
||
| 337 |
_aunmediated _2rdamedia _bn |
||
| 338 |
_avolume _2rdacarrier _bnc |
||
| 500 | _aPreceded by: A practical guide to contemporary pharmacy practice / Judith E. Thompson. 3rd ed. c2009. | ||
| 504 | _aIncludes bibliographical references and index. | ||
| 505 | 0 | _aProcessing the prescription -- Calculations -- Compounding drug preparations -- Pharmaceutical excipients -- Nonsterile dosage forms and their preparation -- Sterile dosage forms and their preparation -- Veterinary pharmacy -- Compatibility and stability. | |
| 650 | 7 |
_aPharmacy _vOutlines, syllabi, etc. _2BUEsh |
|
| 650 | 7 |
_aPharmacy _vHandbooks, manuals, etc. _2BUEsh |
|
| 653 |
_bPPhrm _cFebruary2022 |
||
| 655 | 2 |
_aHandbooks _vReading book |
|
| 906 |
_a7 _bcbc _corignew _d1 _eecip _f20 _gy-gencatlg |
||
| 942 |
_2ddc _cBB |
||
| 999 |
_c29792 _d29763 |
||